Grails : quests, visitations, and other occurrences /

Bibliographic Details
Other Authors: Gilliam, Richard, Greenberg, Martin Harry, Kramer, Edward E.
Format: Book
Language:English
Published: Atlanta : Unnameable Press, 1992.
Edition:1st ed.
Subjects:

MARC

Tag First Indicator Second Indicator Subfields
LEADER 00000cam a2200000 a 4500
001 in00001227421
008 930914s1992 gau 000 1 eng d
005 20260120200932.3
010 |a  95176236  
020 |z 093422708X  |q (Limited ed.) 
020 |a 0934227098  |q (Trade ed.) 
020 |a 9780934227094  |q (Trade ed.) 
029 1 |a AU@  |b 000012219932 
035 |a (OCoLC)28820614 
040 |a MB  |b eng  |c DLC  |d OCLCQ  |d BAKER  |d BTCTA  |d OCLCO  |d OCLCF  |d OCLCQ  |d OCLCO  |d IG# 
042 |a lccopycat 
050 0 0 |a PS509.G68  |b G734 1992 
082 0 0 |a 813/.0876608382  |2 20 
090 |a PN686.G7  |b G7 1992 
245 0 0 |a Grails :  |b quests, visitations, and other occurrences /  |c edited by Richard Gilliam, Martin H. Greenberg, and Edward E. Kramer. 
250 |a 1st ed. 
260 |a Atlanta :  |b Unnameable Press,  |c 1992. 
300 |a 639 pages ;  |c 24 cm 
336 |a text  |b txt  |2 rdacontent 
337 |a unmediated  |b n  |2 rdamedia 
338 |a volume  |b nc  |2 rdacarrier 
541 0 |a The Cushing Library/Science Fiction copy [A14853535157] was donated by Vic Horadam. 
650 0 |a Grail  |v Literary collections. 
650 0 |a Fantasy literature, American. 
650 6 |a Graal  |v Anthologies. 
650 6 |a Littérature fantastique américaine. 
650 7 |a Fantasy literature, American.  |2 fast  |0 (OCoLC)fst00920862 
650 7 |a Grail.  |2 fast  |0 (OCoLC)fst00945881 
655 7 |a Literary collections.  |2 fast  |0 (OCoLC)fst01423811 
700 1 |a Gilliam, Richard. 
700 1 |a Greenberg, Martin Harry. 
700 1 |a Kramer, Edward E. 
938 |a Ingram Library Services  |b INGR  |n in006013559 
938 |a Baker & Taylor  |b BKTY  |c 33.95  |d 30.56  |i 0934227098  |n 0002519317  |s active 
938 |a Baker and Taylor  |b BTCP  |n 95176236 
948 |h HELD BY TXA - 16 OTHER HOLDINGS 
994 |a Z0  |b TXA 
999 f f |s 8afb06ff-93c3-3ad5-ac23-df7ef3a986c3  |i bb8f1ab9-26ca-35ce-8689-c530a374158d  |t 0 
952 f f |p noncirc  |a Texas A&M University  |b College Station  |c Cushing Memorial Library & Archives  |s cush scif  |d Cushing: Science Fiction (Does not check out)  |t 0  |e PN686.G7 G7 1992  |h Library of Congress classification  |i unmediated -- volume  |m A14853535157 
952 f f |p noncirc  |a Texas A&M University  |b College Station  |c Cushing Memorial Library & Archives  |s cush scif  |d Cushing: Science Fiction (Does not check out)  |t 0  |e PN686.G7 G7 1992  |h Library of Congress classification  |i unmediated -- volume 
998 f f |a PN686.G7 G7 1992  |t 0  |l Cushing: Science Fiction (Does not check out) 
998 f f |a PN686.G7 G7 1992  |t 0  |l Cushing: Science Fiction (Does not check out)